Ciudades en islas - ¡Muerte súbita! - Estadísticas

Estadísticas generales
  • Esta prueba ha sido intentada 4.052 veces
  • La puntuación promedio es 11 de 20
Answers on the Grid
Answers color-coded by a green-red scale on the quiz's grid according to % correct below.
Atenas
Bogotá
Bombay
Cayo Hueso
Chicago
Ciudad del Cabo
Colombo
Copenhague
Dublín
Estambul
Estocolmo
Gibraltar
Heraklion
Hong Kong
Honolulu
Lagos
Lima
Londres
Manila
Montreal
Moscú
Nueva York
Nuuk
Puerto España
San Francisco
Santo Domingo
Seúl
Singapur
Tokio
Venecia
 
Estadísticas de respuestas
Respuesta % Correcto
Dublín
71%
Honolulu
71%
Tokio
70%
Santo Domingo
69%
Manila
67%
Puerto España
66%
Singapur
66%
Londres
63%
Copenhague
57%
Hong Kong
54%
Venecia
54%
Nuuk
52%
Cayo Hueso
50%
Nueva York
50%
Colombo
47%
Heraklion
45%
Estocolmo
29%
Bombay
28%
Lagos
22%
Montreal
21%
No se encontraron pruebas coincidentes
Distribución de puntuación
Porcentaje de gente con cada puntuación
Porcentaje por número respondido
Historial de tus puntuaciones
No has intentado esta prueba.